| 000 | nam a22 7a 4500 | ||
|---|---|---|---|
| 999 |
_c15365 _d15365 |
||
| 008 | 161031b xxu||||| |||| 00| 0 eng d | ||
| 020 | _a0673188310 | ||
| 050 | _aQA 39.2 .E42 1989 | ||
| 100 | _aElich, Joseph | ||
| 245 |
_aPrecalculus/ _cJoseph Elich and Lawrence O. Cannon |
||
| 260 |
_aGlenview, Illinois: _bScott, Foresman and Company, _c1989 |
||
| 300 |
_a606p. : _bill. ; _c24cm |
||
| 500 | _aIncludes index. | ||
| 650 |
_aMathematics. _y1961 |
||
| 700 | _aCannon, Lawrence O. | ||
| 942 |
_2lcc _cBOOKS _hQA 39.2 .E42 1989 _05 |
||